Pokémon 5G-Tous les Objets Rares - Statistiques

Statistiques générales
  • Ce quiz a été pris 22 fois
  • Le résultat moyen est 10 sur 27
Statistiques - réponses
Objet rare % Correct
Carte
100%
Méga Canne
88%
Bicyclette
76%
Vokit
76%
Galet Blanc
65%
Galet Noir
65%
Pointeau ADN
65%
Cherch'Objet
59%
Magnéto VS
53%
CharmeChroma
35%
Gracidée
35%
Pierre Magma
35%
Registre Ami
35%
Boîte Parure
29%
Carte Plasma
24%
Nikodule
24%
B.Médailles
18%
Charme Ovale
18%
Miroir Sacré
18%
Objet Trouvé
18%
Pass Liberté
18%
Permis
18%
Courrier 1
6%
Courrier 2
6%
Courrier 3
6%
Crâne Dragon
6%
MouchoirSale
6%
Aucun quiz correspondant
Distribution des résultats
% des personnes avec chaque résultat
Percentile par nombre de réponses
Votre historique - résultats
Vous n’avez pas pris ce quiz